De los orígenes de Roma a las invasiones bárbaras

Guardat en:
Dades bibliogràfiques
Autors principals: Christol, Michel (Autor), Nony, Daniel (Autor)
Format: Llibre
Idioma:espanyol
Publicat: Madrid Akal 1991
Edició:2a. ed
Col·lecció:Iniciación a la Historia
Matèries:
Etiquetes: Afegir etiqueta
Sense etiquetes, Sigues el primer a etiquetar aquest registre!

MARC

LEADER 00000cam a2200000 a 4500
001 UCD6942
003 CL-VaPUC
008 170303e19910000sp |||||||||||||||||spa|d
020 |a 8476001479 
082 0 4 |a 937.07  |b CHR  |2 21 
100 0 |a Christol, Michel  |e author  |9 590833 
700 0 |a Nony, Daniel  |e author  |9 590834 
245 1 0 |a De los orígenes de Roma a las invasiones bárbaras 
250 |a 2a. ed 
300 |a 269 p 
942 |c BK 
945 |d 20170303 17:35:00  |a dcastane 
260 |a Madrid  |b Akal  |c 1991 
650 0 |a Historia de Roma   |9 315349 
650 7 |a HISTORIA DE ROMA ANTIGUA  |2 CL-VaPUC  |9 541459 
650 0 |a Historia antigua  |9 267521 
583 |a last modification  |c 20170303 17:35:00  |k Rodrigo Vera 
490 0 |a Iniciación a la Historia 
999 |c 367114  |d 367112 
952 |0 0  |1 0  |3 erb  |4 0  |6 937_070000000000000_CHR_1991  |7 0  |8 A  |9 481804  |a BIBHIS  |b BIBHIS  |i 5362474  |l 2  |m 1  |o 937.07 CHR 1991  |p 5362474  |r 2023-01-25  |s 2021-09-02  |w 2019-11-24  |y BK  |z Catalogado en:20170303  |k HIS